| 000 | 01202nam a22002777a 4500 | ||
|---|---|---|---|
| 999 |
_c65494 _d65494 |
||
| 005 | 20240530110827.0 | ||
| 008 | 190807s2019 ua f b 000 0 ara d | ||
| 017 |
_a2018/25027 _bمصر. دار الكتب |
||
| 020 | _a9789770532386 | ||
| 040 |
_aEG-CaGPL _cEG-CaGPL |
||
| 082 | 0 | 4 |
_221 _a615.89142/ _bن ع |
| 100 | 1 | _aنينا، مايكل | |
| 245 | 1 | 2 |
_aالعلاج المعرفى السلوكى : _b100 نقطة اساسية وتكنيك / _cتاليف مايكل نينا، ويندى درايدن ؛ ترجمة عبدالجواد خليفة ابو زيد |
| 260 |
_aالقاهرة : _bمكتبة الانجلو المصرية ، _c2019. |
||
| 300 |
_a264 ص. ؛ _c24 سم. |
||
| 504 | _aيشتمل على ارجاعات ببليوجرافية | ||
| 650 | 0 | 7 |
_2qrmak _aالعلاج النفسى |
| 650 | 0 | 7 |
_2qrmak _aالاضطرابات النفسية |
| 650 | 0 | 7 |
_2qrmak _aالعلاج السلوكى |
| 651 | _2qrmak | ||
| 653 | 0 | _aالعلاج المعرفى السلوكى | |
| 700 | 1 |
_aدرايدن، ويندى _eمؤلف مشارك |
|
| 700 | 0 |
_aعبدالجواد خليفة ابو زيد _eمترجم |
|
| 942 |
_2ddc _cBK |
||